Análisis estadístico: evaluación del manejo de la carga frutal en la planta de tomate para la producción de semilla híbrida

Guardat en:
Dades bibliogràfiques
Autors principals: Pérez, Patricia (Autor), Farías Molina, Iván (Autor)
Format: Llibre
Idioma:espanyol
Publicat: Valparaíso Universidad Católica de Valparaíso 1998
Matèries:
Etiquetes: Afegir etiqueta
Sense etiquetes, Sigues el primer a etiquetar aquest registre!

MARC

LEADER 00000nam a2200000 a 4500
001 UCN1104
003 CL-VaPUC
008 010420e19980000CL |||||||||||||||||spa|d
082 0 4 |a 630.201021  |b PER  |2 21 
100 0 |a Pérez, Patricia  |e author  |9 456493 
700 0 |a Farías Molina, Iván  |e author  |9 456494 
245 1 0 |a Análisis estadístico: evaluación del manejo de la carga frutal en la planta de tomate para la producción de semilla híbrida 
300 |a 121 h 
942 |c BK 
945 |d 20010420 00:00:00  |a cmena 
260 |a Valparaíso  |b Universidad Católica de Valparaíso  |c 1998 
500 |a Taller de Estadística, solicitado por Francisca Goldenberg Ranbhor; prof. guía: José Pascual Sánchez 
500 |a Incluye 2 diskettes 
650 0 |a Agricultura  |9 255598 
650 0 |a Semillas   |9 264396 
650 7 |a TOMATE  |2 CL-VaPUC  |9 264158 
650 0 |a Estadística matemática  |9 260028 
650 0 |a Productividad   |9 335972 
650 0 |a Análisis estadístico  |9 269506 
650 7 |a LYCOPERSICON ESCULENTUM  |2 CL-VaPUC  |9 264426 
583 |a last modification  |c 20180514 10:17:52  |k Rodrigo Vera 
999 |c 294681  |d 294679 
952 |0 0  |1 2  |4 0  |6 630_201021000000000_PER_1998  |7 0  |8 F  |9 347338  |a BIBGIM  |b BIBGIM  |d 2019-11-20  |i 3649067  |o 630.201021 PER 1998  |p 3649067  |r 2019-11-20  |w 2019-11-20  |y BK_F  |k EST